000 00275nam a2200097Ia 4500
005 20251222114352.0
008 251222s1900||||xx |||||||||||||| ||spa||
082 _aDVD0060/P95/2004
245 0 _aEsplendor Americano: La Vida Ordinaria es Complicada:American Splendor
942 _cDVD
999 _c1285
_d1285